| 000 | 00496nam a2200193Ia 4500 | ||
|---|---|---|---|
| 005 | 20250425162801.0 | ||
| 008 | 250425s9999 xx 000 0 und d | ||
| 020 | _a8475052681 | ||
| 041 | _aspa | ||
| 082 | _a503 | ||
| 245 | 0 | _aENCICLOPEDIA DE LA CIENCIA Y DE LA TECNICA 4: ESTATOCISTOS - HIDROGRAFIA | |
| 250 | _aS.E. | ||
| 260 | _aBARCELONA | ||
| 260 |
_aEspaƱa _bOCEANO _c1981 |
||
| 300 | _a1552 | ||
| 650 | _aCIENCIA-DICCIONARIOS Y ENCICLOPEDIAS | ||
| 942 | _c01 | ||
| 010 | _a108401 | ||
| 999 |
_c236363 _d236363 |
||